History Quiz

Random History or War Quiz
Score 0/11 Timer 02:00
1 Play Today
% Correct
Germany
97.5%
Japan
95.8%
Germany
94.4%
Great Britain
94.1%
Italy
93.2%
Austria-Hungary
91.5%
Hungary
83.5%
Mexico
82.7%
Spain
79.7%
Bulgaria
78.7%
Rumania
76.2%
Remove Ads.
Support Sporcle.
Get the best of Sporcle when you Go Orange. This ad-free experience offers more features, more stats, and more fun while also helping to support Sporcle. Thank you for becoming a member.

You're not logged in!

Compare scores with friends on all Sporcle quizzes.
OR
Log In

Show Comments

Extras

Top Quizzes Today


Score Distribution

Your Account Isn't Verified!

In order to create a playlist on Sporcle, you need to verify the email address you used during registration. Go to your Sporcle Settings to finish the process.

Report this User

Report this user for behavior that violates our Community Guidelines.

Details: